| 000 | 00961cab a22002055a 4500 | ||
|---|---|---|---|
| 001 | L140098 | ||
| 008 | 070904s2007 xxk f 000 0 eng d | ||
| 035 | _a(Sirsi) u140098 | ||
| 041 | 0 | _aeng | |
| 100 | 1 | _aEllison, Louise | |
| 245 | 0 | 0 |
_aAssessing sustainability in the existing commercial property stock _bestablishing sustainability criteria relevant for the commercial property investment sector |
| 260 | _c2007 | ||
| 490 | 0 |
_aProperty Management _v25(3) 2007, 287-304(18) |
|
| 520 | _aFocuses on investment performance of commercial property. Seeks to set out a series of criteria through which the sustainability of commercial property can be assessed. Looks at sustainability as part of a set of investment risks. Seeks to specify these risks and incorporate them within commercial property investment appraisals. | ||
| 590 | _aka | ||
| 651 | 4 |
_aUnited Kingdom _y |
|
| 690 | _aPROPERTY-COMMERCIAL PROPERTY | ||
| 700 | 1 | _aSayce, Sarah | |
| 942 | _n0 | ||
| 999 |
_c79194 _d79194 |
||